000 00964nam a2200265Ia 4500
003 OSt
005 20221005113348.0
006 a|||||r|||| 00| 0
007 ta
008 221004b |||||||| |||| 00| 0 pan d
020 _cINR 250.00
024 _a65708
037 _b1195, 20/02/2020, H.K. Prakashan
_cTextual
040 _aCRL
_cCRL
_bpan
041 _2pan
_apan
082 _aO153,6NBHx, Q9
100 _aਭੁੱਲਰ, ਬਲਵਿੰਦਰ ਸਿੰਘ, ਂਚ.
245 0 _aਉਡਾਰੀਆਂ ਭਰਦੇ ਲੋਕ
260 _aਬਰਨਾਲਾ
_bਤਰਕਭਾਰਤੀ ਪ੍ਰਕਾFਨ ਭਾਰਤ
_c2019
300 _a176ਪ੍ਰ0
_ccm.
650 _a ਪੰਜਾਬੀ ਨਿਬੰਧ
650 _aਪੰਜਾਬੀ ਸਾਹਿਤ
942 _hO153,6NBHx, Q9
_cTEXL
_2cc
999 _c1027907
_d1027907